LEADER 01019cam0 22002773 450 001 SON0004388 005 20231102085950.0 010 $a8814050744 100 $a20010208d1995 |||||ita|0103 ba 101 $aita 102 $aIT 200 1 $a<>associazione in partecipazione$eDisciplina civilistica e fiscale-Riflessi contabili-Schemi di contratto-Adempimenti e procedure$fDanilo Bondavalli 210 $aMilano$cGiuffrè$d1995 215 $aXII, 162 p.$d24 cm 225 2 $aCosa & Come$hSocietà 410 1$1001LAEC00017524$12001 $a*Cosa & Come. Società 700 1$aBondavalli$b, Danilo$3AF00009197$4070$0253002 801 0$aIT$bUNISOB$c20231102$gRICA 850 $aUNISOB 852 $aUNISOB$j340|Coll|12|B$m94920 912 $aSON0004388 940 $aM 102 Monografia moderna SBN 941 $aM 957 $a340|Coll|12|B$b000007$gSI$d94920$rACQUISTO$p20.000$1Spinosa$2UNISOB$3UNISOB$420221011091259.0$520231102085927.0$6Alfano 996 $aAssociazione in partecipazione$9145287 997 $aUNISOB